Statistics for Find the Spelling #9

Click here to take the quiz!

General Stats

  • This quiz has been taken 57 times
    (26 since last reset)
  • The average score is 4 of 5

Answer Stats

QuestionAnswer% Correct
Which is correct?Psychiatrist
95%
Which is correct?Marijuana
91%
Which is correct?Tajikistan
91%
Which is correct?Quesadilla
86%
Which is correct?Pohutakawa
45%

Score Distribution

Percentile by Number Answered

Percent of People with Each Score

Your Score History

You have not taken this quiz since the last reset